000 02448cam a2200589 i 4500
001 xx004688769
003 NUKAT
005 20260416110202.0
008 190828s2019 pl a |001 0 pol c
020 _a9788380986084
_q(oprawa miękka) :
_czł 35
035 _a(OCoLC)1117298334
035 _a(NUKAT)xx004688769
040 _aWA U/EBA
_bpol
_erda
_cWA U/EBAs
_dWA U/DSW
_dWA U/EBAs
_dWA 14/PTs
_dKAT U/KW
041 0 _apol
_beng
_brus
045 2 _bd1971
_bd1989
046 _o2019
245 0 0 _aWyniki pracy wywiadu naukowo-technicznego MSW PRL 1971-1989 /
_copracował i wstępem poprzedził Mirosław Sikora ; Instytut Pamięci Narodowej - Komisja Ścigania Zbrodni przeciwko Narodowi Polskiemu. Oddział w Katowicach.
260 _aKatowice ;
_aWarszawa :
_bInstytut Pamięci Narodowej - Komisja Ścigania Zbrodni przeciwko Narodowi Polskiemu,
_c2019.
300 _a351 stron :
_bilustracje ;
_c24 cm.
336 _aTekst
_btxt
_2rdacontent
337 _aBez urządzenia pośredniczącego
_bn
_2rdamedia
338 _aWolumin
_bnc
_2rdacarrier
380 _aKsiążki
380 _aPublikacje naukowe
385 _aHistorycy
385 _aPolitolodzy
388 1 _a2001-
504 _aIndeks.
546 _aStreszczenia w języku angielskim i rosyjskim.
610 1 7 _aPolska.
_bMinisterstwo Spraw Wewnętrznych (1954-1996).
_bDepartament I.
_2kaba
_940140
610 2 7 _aDepartament I (Ministerstwo Spraw Wewnętrznych ; 1954-1996)
_2DBN
_939433
648 7 _a1901-2000
_2DBN
_934996
648 7 _a1945-1989
_2DBN
_936043
650 7 _aSzpiegostwo polskie
_y1970-2000
_vźródła.
_2kaba
_940142
650 7 _aSzpiegostwo przemysłowe
_zPolska
_y1970-2000
_vźródła.
_2kaba
_940143
650 7 _aDokumentacja techniczna
_2DBN
_940144
650 7 _aNauka
_2DBN
_937137
650 7 _aPRL
_2DBN
_935084
650 7 _aTechnika
_2DBN
_940145
650 7 _aTechnologia
_2DBN
_940146
650 7 _aWywiad polski
_2DBN
_939436
650 7 _aŹródła historyczne
_2DBN
_937428
651 7 _aPolska
_2DBN
_935076
655 7 _aOpracowanie
_2DBN
_935024
658 _aHistoria
658 _aNauka i badania
658 _aPolityka, politologia, administracja publiczna
700 1 _aSikora, Mirosław
_d(1981- ).
_eRedakcja
_eWstęp
_940139
710 2 _aInstytut Pamięci Narodowej - Komisja Ścigania Zbrodni przeciwko Narodowi Polskiemu.
_eWydawca
_4pbl
_911792
920 _a978-83-8098-608-4 (oprawa miękka) : zł 35
942 _2ddc
_cBK_NM
999 _c27606
_d27606